Etiqueta de registo: 00000nkm 2200025 450
001 2265210
003 http://id.bnportugal.gov.pt/bib/catbnp/2265210
100 ## $a20260211d1991 m y0pory01030103ba
101 0# $apor
102 ## $aPT
200 1# $aPortalegre e os Descobrimentos, 7 dezembro 91 a 6 janeiro 92$bVisual gráfico]$fConferências de S. Vicente de Paulo de Portalegre, 5 Séculos de Evangelização e Encontro
de Culturas (Comissão da Diocese de Portalegre e Castelo Branco), Federação Portuguesa
de Presepistas
210 #9 $aPortalegre$cConferências de S. Vicente de Paulo de Portalegre $cDiocese de Portalegre e Castelo Branco,$cFederação Portuguesa de Presepistas$d1991
215 ## $a1 cartaz$ccolor.$d60x35 cm
307 ## $aTexto impr. no verso
317 ## $aColeção Madeira Luís
675 ## $a766(=1:469)"199"(084.5)$vBN$zpor$3589138
710 02 $aConferências de S. Vicente de Paulo de Portalegre$31677142
711 01 $aPortalegre-Castelo Branco.$bDiocese$4070$31999760
711 02 $aFederação Portuguesa de Presepistas$4070$31989337
801 #0 $aPT$bBN$gRPC
966 ## $lBN$mICONOG$sCT. 20892 A.$x3
971 ## $cCaticonografia1$d20260211
972 ## $d20260601$e2$vtoliveira$z0
995 ## $aPRR2026 $d20260211$iCaticonografia1